[Event "ZH-2023-0-02131"]
[Site "LSS email"]
[Date "2023.02.04"]
[Round "?"]
[White "Ozen, Bahadir"]
[Black "Moreno, Pedro"]
[Result "1/2-1/2"]
[WhiteElo "2265"]
[BlackElo "2307"]
[PlyCount "37"]
[EventDate "2023.02.04"]
[EventType "match (corr)"]
[EventRounds "2"]
[EventCountry "GER"]
[SourceTitle "Corr 2024"]
[Source "ChessBase"]
[SourceDate "2023.10.19"]
[SourceVersion "1"]
[SourceVersionDate "2023.10.19"]
[SourceQuality "1"]

1. e4 e5 2. Nf3 Nc6 3. Bb5 Nf6 4. d3 Bc5 5. c3 0-0 6. 0-0 d5 7. Nbd2 dxe4 8. dxe4 Qe7 9. b4 Bd6 10. a3 a5 11. Rb1 h6 12. Re1 Be6 13. h3 Rfd8 14. Qc2 Nd7 15. Nb3 axb4 16. cxb4 Na7 17. Bf1 Nc6 18. Bb5 Na7 19. Bf1 1/2-1/2